| 000 | 01507cem a2200397 a 4500 | ||
|---|---|---|---|
| 001 | 15058340 | ||
| 005 | 20170105102921.0 | ||
| 007 | ad canzn | ||
| 008 | 071025s2007 enkbc e 1 eng d | ||
| 010 |
_a 2007633304 _z 2007532245 |
||
| 015 |
_aGBA6A0613 _2bnb |
||
| 016 | 7 |
_a013613216 _2Uk |
|
| 020 | _a9781845732400 (hbk.) | ||
| 034 | 0 | _aa | |
| 035 | _a(OCoLC)ocm76852128 | ||
| 040 |
_aUKM _cUKM _dBAKER _dYDXCP _dBTCTA _dTXA _dDLC |
||
| 042 | _alccopycat | ||
| 050 | 0 | 0 |
_aG1038 _b.S9 2007 |
| 052 | _a3201 | ||
| 082 | 0 | 0 |
_a940.540223 _222 |
| 100 | 1 | _aSwanston, Alexander. | |
| 245 | 1 | 4 |
_aThe historical atlas of World War II / _cby Alexander Swanston and Malcolm Swanston ; [design and cartography, Malcolm Swanston ... et al.]. |
| 246 | 1 |
_iSubtitle on cover: _a170 maps chart the most cataclysmic event in human history |
|
| 255 | _aScales differ. | ||
| 260 |
_aLondon : _bCartographica, _cc2007. |
||
| 300 |
_a1 atlas (399 p.) : _bill. (some col.), col. maps ; _c34 cm. |
||
| 500 | _aRelief shown by shading and gradient tints. Depths shown by gradient tints. | ||
| 504 | _aIncludes bibliographical references (p. [388]) and index. | ||
| 650 | 0 |
_aWorld War, 1939-1945 _xCampaigns _vMaps. |
|
| 650 | 0 |
_aHistorical geography _vMaps. |
|
| 700 | 1 | _aSwanston, Malcolm. | |
| 710 | 2 | _aCartographica Limited. | |
| 906 |
_a7 _bcbc _ccopycat _d2 _encip _f20 _gy-geogmaps |
||
| 942 |
_2ddc _cBK |
||
| 999 |
_c15591 _d15591 |
||